The Episcopate and the Reformation: our outlook

Saved in:  
Bibliographic Details
Main Author: Whitney, James Pounder 1857-1939 (Author)
Corporate Author: Princeton Theological Seminary. MitwirkendeR (Contributor)
Format: Electronic Book
Language:English
Check availability: HBZ Gateway
Interlibrary Loan:Interlibrary Loan for the Fachinformationsdienste (Specialized Information Services in Germany)
Published: London Milwaukee R. Scott 1917
London Milwaukee Young Churchman Co. 1917
In:Year: 1917
Series/Journal:Handbooks of catholic faith and practice
Further subjects:B Church of England History
B Episcopacy History
B Church History
Online Access: Volltext (kostenfrei)
Sammlungen:

MARC

LEADER 00000cam a22000002c 4500
001 1893294765
003 DE-627
005 20241225054906.0
007 cr uuu---uuuuu
008 240702s1917 xx |||||o 00| ||eng c
035 |a (DE-627)1893294765 
035 |a (DE-599)KXP1893294765 
035 |a (PRTC)episcopatereform18whit 
040 |a DE-627  |b ger  |c DE-627  |e rda 
041 |a eng 
050 0 |a BX 5176 
084 |a 1  |2 ssgn 
100 1 |a Whitney, James Pounder  |d 1857-1939  |e VerfasserIn  |4 aut 
109 |a Whitney, James Pounder 1857-1939  |a Whitney, James P. 1857-1939  |a Whitney, J. P. 1857-1939  |a Whitney, J. Pounder 1857-1939 
245 1 4 |a The Episcopate and the Reformation  |b our outlook  |c by the Rev. J. P. Whitney 
264 1 |a London  |a Milwaukee  |b R. Scott  |c 1917 
264 1 |a London  |a Milwaukee  |b Young Churchman Co.  |c 1917 
300 |a 1 Online-Ressource (xii, 199 p.) 
336 |a Text  |b txt  |2 rdacontent 
337 |a Computermedien  |b c  |2 rdamedia 
338 |a Online-Ressource  |b cr  |2 rdacarrier 
490 0 |a Handbooks of catholic faith and practice 
610 1 0 |a Church of England  |x History 
650 0 |a Episcopacy  |x History 
655 0 |a Church History 
710 2 |a Princeton Theological Seminary  |e MitwirkendeR  |4 ctb 
856 4 0 |u https://commons.ptsem.edu/id/episcopatereform18whit  |m X:PRTC  |x Digitalisierung  |z kostenfrei  |7 0 
935 |a PRTC  |a mteo 
951 |a BO 
ELC |a 1 
LOK |0 000 xxxxxcx a22 zn 4500 
LOK |0 001 454521312X 
LOK |0 003 DE-627 
LOK |0 004 1893294765 
LOK |0 005 20240702184928 
LOK |0 008 240702||||||||||||||||ger||||||| 
LOK |0 035   |a (DE-Tue135)episcopatereform18whit 
LOK |0 040   |a DE-Tue135  |c DE-627  |d DE-Tue135 
LOK |0 092   |o n 
LOK |0 689   |a f  |a Book 
LOK |0 852   |a DE-Tue135 
LOK |0 852 1  |9 00 
LOK |0 866   |x SPQUE#Theological Commons Princeton 
LOK |0 935   |a PRTC 
LOK |0 939   |a 02-07-24  |b l01 
OAS |a 1 
ORI |a SA-MARC-ixtheoa001.raw 
STB 0 0 |a Church of England 
SYB 0 0 |a Anglican Church,Anglikanische Kirche,Kirche von England,Eglise anglicane,Chiesa anglicana,Ecclesia anglicana